[Event "AZE-ch 74th"]
[Site "Baku"]
[Date "2019.01.24"]
[Round "9"]
[White "Ahadzade, Kanan"]
[Black "Ilyasli, Ughur"]
[Result "0-1"]
[WhiteElo "2019"]
[BlackElo "2148"]
[PlyCount "118"]
[EventDate "2019.01.16"]
[EventType "swiss"]
[EventRounds "9"]
[EventCountry "AZE"]
[SourceTitle "CBM 188 Extra"]
[Source "ChessBase"]
[SourceDate "2019.02.26"]
[SourceVersion "1"]
[SourceVersionDate "2019.02.26"]
[SourceQuality "1"]

1. d4 Nf6 2. c4 g6 3. Nf3 Bg7 4. Nc3 d6 5. g3 0-0 6. Bg2 Nc6 7. 0-0 a6 8. e4 Rb8 9. a4 Bg4 10. Be3 Nd7 11. h3 Bxf3 12. Bxf3 e5 13. d5 Nd4 14. Bg2 c5 15. f4 exf4 16. gxf4 f5 17. Kh2 Nf6 18. Bxd4 cxd4 19. Ne2 Nxe4 20. Nxd4 Bxd4 21. Qxd4 Qf6 22. Qxf6 Nxf6 23. b4 Rbc8 24. Rac1 a5 25. c5 axb4 26. c6 bxc6 27. dxc6 d5 28. Rfd1 Rfd8 29. Bf1 Ne4 30. Bb5 Nc3 31. Rd4 Re8 32. Rxb4 Na2 33. Rbb1 Nxc1 34. Rxc1 Rc7 35. Rd1 Rd8 36. a5 Kf7 37. a6 Ke6 38. Ra1 Ra8 39. Rd1 Rb8 40. Ra1 Kd6 41. Ba4 Ra7 42. Bd1 Rb6 43. c7 Kxc7 44. Bf3 Raxa6 45. Rd1 Rb2+ 46. Kg1 Rd6 47. Rxd5 Rxd5 48. Bxd5 Kd6 49. Bg8 Rb7 50. Kf2 Kc5 51. Kg3 Kd4 52. Kh4 h6 53. Kg3 Ke3 54. Bd5 Rb4 55. Bf7 g5 56. fxg5 hxg5 57. Bd5 f4+ 58. Kg4 f3+ 59. Kg3 f2 0-1

[Event "Baku CC op 1st"]
[Site "Baku"]
[Date "2018.10.23"]
[Round "4"]
[White "Ahadzade, Kanan"]
[Black "Isgandarov, Shahriyar"]
[Result "1/2-1/2"]
[WhiteElo "1991"]
[BlackElo "2125"]
[PlyCount "142"]
[EventDate "2018.10.20"]
[EventType "swiss"]
[EventRounds "9"]
[EventCountry "AZE"]
[SourceTitle "CBM 187 Extra"]
[Source "ChessBase"]
[SourceDate "2018.11.04"]
[SourceVersion "1"]
[SourceVersionDate "2018.11.04"]
[SourceQuality "1"]

1. e4 e5 2. Nf3 Nc6 3. Bc4 Nf6 4. d4 exd4 5. e5 d5 6. Bb5 Ne4 7. Nxd4 Bd7 8. Bxc6 bxc6 9. 0-0 Bc5 10. c3 0-0 11. f3 Ng5 12. f4 Ne4 13. Nd2 Nxd2 14. Bxd2 f6 15. Kh1 Qe7 16. Qe2 Rae8 17. Rae1 fxe5 18. fxe5 Rxf1+ 19. Qxf1 Rf8 20. Qe2 Qh4 21. Be3 Be7 22. e6 Be8 23. Rf1 Rxf1+ 24. Qxf1 Qe4 25. Qf4 Qb1+ 26. Bg1 Bd6 27. Qg5 Qg6 28. Qd8 c5 29. Nb5 Qxe6 30. Nxc7 Bxc7 31. Qxc7 d4 32. cxd4 Qxa2 33. Qb8 Kf7 34. dxc5 Qa6 35. Qc7+ Kg8 36. h3 Bc6 37. Qg3 Qa4 38. Qb8+ Kf7 39. Qc7+ Bd7 40. Be3 Qc6 41. Qxa7 Kg6 42. Qb8 Kf7 43. Qf4+ Qf6 44. Qc7 Qc6 45. Qg3 Qe4 46. Kh2 Bc6 47. b4 Be8 48. Bf4 g6 49. Be5 Ke6 50. Bc3 Kd5 51. Bd2 Kc4 52. Qe1 Qxe1 53. Bxe1 h5 54. g4 hxg4 55. hxg4 Kb5 56. Kg3 Bc6 57. Kf4 Bg2 58. Ke5 Kc6 59. Kf6 Be4 60. Bc3 Bc2 61. Ke5 Bd1 62. g5 Bc2 63. Bd4 Bb1 64. b5+ Kxb5 65. Kd5 Ka6 66. c6 Bf5 67. Kd6 Kb5 68. Bf2 Be4 69. c7 Bf5 70. Bg1 Ka6 71. Kc6 Bc8 1/2-1/2

[Event "Baku CC op 1st"]
[Site "Baku"]
[Date "2018.10.20"]
[Round "1"]
[White "Khalilzade, Murad"]
[Black "Ahadzade, Kanan"]
[Result "0-1"]
[WhiteElo "1297"]
[BlackElo "1991"]
[PlyCount "76"]
[EventDate "2018.10.20"]
[EventType "swiss"]
[EventRounds "9"]
[EventCountry "AZE"]
[SourceTitle "CBM 187 Extra"]
[Source "ChessBase"]
[SourceDate "2018.11.04"]
[SourceVersion "1"]
[SourceVersionDate "2018.11.04"]
[SourceQuality "1"]

1. e4 b6 2. d4 Bb7 3. Nc3 e6 4. Nf3 Bb4 5. Bd3 Nf6 6. Bg5 h6 7. Bxf6 Qxf6 8. 0-0 Bxc3 9. bxc3 0-0 10. Re1 d5 11. e5 Qe7 12. Qd2 c5 13. Re3 Nc6 14. Bb5 Na5 15. Ne1 f5 16. Rg3 f4 17. Rg4 c4 18. Nd3 cxd3 19. Bxd3 Nc4 20. Qe2 Nb2 21. Bg6 Bc6 22. Rb1 Na4 23. Qd3 Be8 24. Rb4 Rc8 25. Bxe8 Qxe8 26. Rb3 Rf5 27. Ra3 h5 28. Rh4 Qe7 29. Rxa4 Qxh4 30. Rxa7 f3 31. Qf1 fxg2 32. Qxg2 Rg5 33. Qg3 Rxc3 34. Ra8+ Kh7 35. Kg2 Rgxg3+ 36. hxg3 Qe4+ 37. Kf1 Rxc2 38. a4 Rc1# 0-1

[Event "EU-ch 19th"]
[Site "Batumi"]
[Date "2018.03.27"]
[Round "10"]
[White "Pipia, Ekaterine"]
[Black "Ahadzade, Kanan"]
[Result "0-1"]
[WhiteElo "1737"]
[BlackElo "1965"]
[PlyCount "118"]
[EventDate "2018.03.17"]
[EventType "swiss"]
[EventRounds "11"]
[EventCountry "GEO"]
[SourceTitle "CBM 184"]
[Source "ChessBase"]
[SourceDate "2018.05.16"]
[SourceVersion "1"]
[SourceVersionDate "2018.05.16"]
[SourceQuality "1"]

1. d4 Nf6 2. c4 e6 3. Nf3 d5 4. Nc3 Be7 5. Bg5 0-0 6. e3 h6 7. Bh4 b6 8. Bd3 Bb7 9. 0-0 c5 10. Bg3 Nc6 11. dxc5 bxc5 12. Qe2 Nb4 13. cxd5 exd5 14. Rfd1 Qa5 15. Bf5 Rfd8 16. a3 Nc6 17. b4 cxb4 18. axb4 Qxb4 19. Rab1 Qxc3 20. Rdc1 Qa3 21. Ra1 Qb3 22. Rab1 Qa4 23. Ra1 Ba3 24. Rc3 Ne4 25. Rcxa3 Nxg3 26. hxg3 Qb4 27. Bc2 Qd6 28. Qd3 g6 29. Ba4 Ne5 30. Nxe5 Qxe5 31. Qd4 Qxd4 32. exd4 Rac8 33. Bb5 a6 34. Bxa6 Bxa6 35. Rxa6 Kg7 36. Kf1 Rc4 37. R6a4 Rdc8 38. Rxc4 Rxc4 39. Rd1 Kf6 40. Ke2 Kf5 41. Ke3 Ra4 42. Rd3 h5 43. Rd1 Ra3+ 44. Rd3 Rxd3+ 45. Kxd3 g5 46. Ke3 h4 47. gxh4 gxh4 48. Kf3 Kg5 49. Ke3 Kg4 50. Kd3 Kf4 51. Kd2 Ke4 52. Ke2 Kxd4 53. Kd2 f5 54. f3 f4 55. Ke2 Kc3 56. Kd1 Kd3 57. Ke1 Ke3 58. Kf1 d4 59. Ke1 d3 0-1

[Event "EU-ch 19th"]
[Site "Batumi"]
[Date "2018.03.24"]
[Round "7"]
[White "Ahadzade, Kanan"]
[Black "Sargsyan, Anna M"]
[Result "0-1"]
[WhiteElo "1965"]
[BlackElo "2188"]
[PlyCount "94"]
[EventDate "2018.03.17"]
[EventType "swiss"]
[EventRounds "11"]
[EventCountry "GEO"]
[SourceTitle "CBM 184"]
[Source "ChessBase"]
[SourceDate "2018.05.16"]
[SourceVersion "1"]
[SourceVersionDate "2018.05.16"]
[SourceQuality "1"]

1. e4 c6 2. d4 d5 3. Nc3 dxe4 4. Nxe4 Nd7 5. Nf3 Ngf6 6. Ng3 e6 7. Bd3 c5 8. 0-0 cxd4 9. Nxd4 Bc5 10. Be2 0-0 11. Nb3 Be7 12. c4 Qc7 13. Be3 b6 14. Bf3 Rb8 15. Rc1 Ba6 16. Nd4 Rbe8 17. Qa4 Nc5 18. Qc2 Bb7 19. b4 Ncd7 20. Bxb7 Qxb7 21. Rb1 Rc8 22. Qe2 Ne5 23. Rfc1 Rfd8 24. h3 Qa6 25. f4 Nxc4 26. b5 Qa3 27. Rb3 Qxc1+ 28. Bxc1 Bc5 29. Kh2 Bxd4 30. Rd3 Rd5 31. Rd1 h5 32. Qf3 Rcd8 33. Ne2 Ne5 34. Qb3 Nfg4+ 35. hxg4 Nxg4+ 36. Kh3 Nf2+ 37. Kh2 Nxd1 38. Qxd1 Bc5 39. Qc2 Rd1 40. Qe4 Re1 41. Qf3 Rdd1 42. Bb2 Rh1+ 43. Kg3 f5 44. Qa8+ Kh7 45. Nd4 Rdf1 46. Nxf5 exf5 47. Bf6 Bg1 0-1

[Event "EU-ch 19th"]
[Site "Batumi"]
[Date "2018.03.21"]
[Round "5"]
[White "Ahadzade, Kanan"]
[Black "Polivanov, Anatoliy"]
[Result "0-1"]
[WhiteElo "1965"]
[BlackElo "2383"]
[PlyCount "92"]
[EventDate "2018.03.17"]
[EventType "swiss"]
[EventRounds "11"]
[EventCountry "GEO"]
[SourceTitle "CBM 184"]
[Source "ChessBase"]
[SourceDate "2018.05.16"]
[SourceVersion "1"]
[SourceVersionDate "2018.05.16"]
[SourceQuality "1"]

1. e4 Nf6 2. Nc3 e5 3. g3 d5 4. exd5 Nxd5 5. Bg2 Nxc3 6. bxc3 Bc5 7. Nf3 Nc6 8. 0-0 0-0 9. Re1 Qf6 10. Qe2 Bb6 11. d3 Re8 12. Bg5 Qg6 13. Be3 Ba5 14. Bd2 Qh5 15. Ng5 Qxe2 16. Rxe2 h6 17. Ne4 Bg4 18. f3 Bf5 19. Kh1 Bb6 20. a4 a5 21. Rb1 Bd7 22. Be3 Bxe3 23. Rxe3 b6 24. Nd2 f6 25. Nc4 Rad8 26. Ree1 Ne7 27. Ra1 Bc6 28. Ne3 Ng6 29. Kg1 Nf8 30. Kf2 Ne6 31. f4 Bxg2 32. Nxg2 exf4 33. Nxf4 Nxf4 34. gxf4 g5 35. Kf3 Kf7 36. Kg4 h5+ 37. Kg3 Rxe1 38. Rxe1 Re8 39. Rxe8 Kxe8 40. c4 c6 41. d4 b5 42. cxb5 cxb5 43. axb5 a4 44. b6 Kd7 45. d5 a3 46. d6 Kxd6 0-1

[Event "World School-ch U15"]
[Site "Sochi"]
[Date "2016.12.03"]
[Round "1"]
[White "Al Zaabi, Sultan"]
[Black "Ahadzade, Kanan"]
[Result "0-1"]
[WhiteElo "1722"]
[BlackElo "2024"]
[PlyCount "100"]
[EventDate "2016.12.03"]
[EventType "swiss"]
[EventRounds "9"]
[EventCountry "RUS"]
[SourceTitle "EXT 2018"]
[Source "ChessBase"]
[SourceDate "2017.10.13"]
[SourceVersion "1"]
[SourceVersionDate "2017.10.13"]
[SourceQuality "1"]

1. d4 Nf6 2. Nf3 b6 3. g3 Bb7 4. Bg2 e6 5. 0-0 Be7 6. c4 0-0 7. Nc3 c5 8. e3 d5 9. Ne5 Nc6 10. Nxc6 Bxc6 11. Qe2 Qc7 12. Rd1 Rfd8 13. b3 Rac8 14. cxd5 exd5 15. Bb2 Qb7 16. Rac1 c4 17. bxc4 dxc4 18. Bxc6 Qxc6 19. e4 b5 20. a3 a5 21. d5 Qc5 22. Na2 b4 23. Bd4 Qb5 24. Rb1 Qa4 25. axb4 axb4 26. d6 Rxd6 27. Rxb4 Qa6 28. Rb2 Re6 29. f3 h6 30. Rc2 Rec6 31. Rdc1 Nd7 32. Nc3 Bc5 33. Bxc5 Rxc5 34. Nd5 Kf8 35. f4 Re8 36. Rd1 Qe6 37. Nc3 Rc6 38. e5 Nc5 39. Nb5 Nb3 40. Nd6 Rd8 41. Nb7 Rd4 42. Qf3 Ra6 43. Re1 Qb6 44. Kh1 Nd2 45. Qg2 Ne4 46. Rb2 Qc6 47. Rbe2 Qxb7 48. Rxe4 Qb4 49. Rxd4 Qxe1+ 50. Qg1 Qc3 0-1

[Event "Troya op 23rd"]
[Site "Canakkale"]
[Date "2015.08.13"]
[Round "7"]
[White "Karaokcu, Erkin"]
[Black "Ahadzade, Kanan"]
[Result "0-1"]
[WhiteElo "2097"]
[BlackElo "1903"]
[PlyCount "120"]
[EventDate "2015.08.08"]
[EventType "swiss"]
[EventRounds "9"]
[EventCountry "TUR"]
[SourceTitle "CBM 167 Extra"]
[Source "ChessBase"]
[SourceDate "2015.09.14"]
[SourceVersion "1"]
[SourceVersionDate "2015.09.14"]
[SourceQuality "1"]

1. Nf3 Nf6 2. c4 c5 3. g3 g6 4. Bg2 Bg7 5. 0-0 0-0 6. Nc3 Nc6 7. d4 cxd4 8. Nxd4 Nxd4 9. Qxd4 d6 10. Qd3 Nd7 11. b3 Nc5 12. Qd2 Qa5 13. Bb2 Be6 14. Rfd1 Rfe8 15. Rab1 Rac8 16. Ba1 Qb6 17. e4 a5 18. Kh1 Qb4 19. f4 a4 20. f5 Bd7 21. Qe3 Bc6 22. Nd5 Bxd5 23. Bxg7 Kxg7 24. exd5 axb3 25. axb3 Ra8 26. Bh3 b5 27. Qd4+ f6 28. cxb5 Qxb5 29. Bf1 Qb7 30. b4 Nd7 31. b5 Nb6 32. Bg2 Rec8 33. Re1 g5 34. Qe4 Rc7 35. Rbc1 Ra4 36. Qd3 Nc4 37. Qb3 Nb6 38. Rc6 Rc4 39. Qd3 R4xc6 40. dxc6 Qa7 41. Bf3 Qa5 42. Qe2 Qa4 43. Rb1 Qd4 44. Qe6 Qd3 45. Qe4 Qc3 46. Qe2 Qc5 47. Qd3 Ra7 48. Qe4 Qc3 49. Bh5 Kh6 50. Be2 d5 51. Qe6 Qc2 52. Rf1 Ra2 53. Rf2 Qe4+ 54. Qxe4 dxe4 55. h4 gxh4 56. gxh4 Nd5 57. Bc4 Rxf2 58. Bxd5 e3 59. Kg1 Rc2 60. b6 Rc1+ 0-1

[Event "Troya op 23rd"]
[Site "Canakkale"]
[Date "2015.08.09"]
[Round "3"]
[White "Bacak, Muhammed Kaan"]
[Black "Ahadzade, Kanan"]
[Result "1/2-1/2"]
[WhiteElo "1970"]
[BlackElo "1903"]
[PlyCount "158"]
[EventDate "2015.08.08"]
[EventType "swiss"]
[EventRounds "9"]
[EventCountry "TUR"]
[SourceTitle "CBM 167 Extra"]
[Source "ChessBase"]
[SourceDate "2015.09.14"]
[SourceVersion "1"]
[SourceVersionDate "2015.09.14"]
[SourceQuality "1"]

1. d4 Nf6 2. Nf3 d5 3. c4 c6 4. cxd5 cxd5 5. Nc3 Nc6 6. Bf4 e6 7. e3 Bd6 8. Bxd6 Qxd6 9. Be2 0-0 10. 0-0 Bd7 11. Rc1 Rae8 12. Bd3 e5 13. dxe5 Nxe5 14. Be2 Rd8 15. Qd4 Nc6 16. Qh4 Ne7 17. Nb5 Qb6 18. Qd4 Qxd4 19. Nbxd4 Ne4 20. h3 a6 21. Rfd1 Ba4 22. Re1 Be8 23. a3 b5 24. Kf1 Nd6 25. b3 a5 26. Bd3 a4 27. bxa4 bxa4 28. Ke2 Nc6 29. Nxc6 Bxc6 30. Nd4 Bb7 31. g3 Nc4 32. Rb1 Bc6 33. Bxc4 dxc4 34. Rb4 g6 35. Rc1 Bd5 36. Rxa4 f5 37. Kd2 Ra8 38. Rxa8 Rxa8 39. Ra1 Kf7 40. a4 Ke7 41. Kc3 Kd6 42. a5 Kc5 43. h4 Ra7 44. a6 Kb6 45. Nc2 Bf7 46. Nb4 Rd7 47. a7 Rxa7 48. Rxa7 Kxa7 49. Nc6+ Kb6 50. Ne5 Be6 51. Nxc4+ Kc5 52. Nd2 Kd5 53. Kd3 h6 54. Nf3 Bc8 55. Ke2 Ba6+ 56. Ke1 Ke4 57. Nd2+ Kd3 58. Nb3 Bc8 59. Nd4 g5 60. Nf3 f4 61. hxg5 hxg5 62. exf4 gxf4 63. g4 Ke4 64. Ng5+ Ke5 65. f3 Kf6 66. Ne4+ Ke5 67. Nd2 Bb7 68. Kf2 Bd5 69. Nb1 Kd4 70. Na3 Bc6 71. Nc2+ Ke5 72. Ne1 Kf6 73. Nd3 Kg5 74. Nc5 Bd5 75. Kg2 Kh4 76. Nd7 Be6 77. Nf6 Kg5 78. Ne4+ Kh4 79. Nf2 Bc8 1/2-1/2

[Event "Al Ain op 3rd"]
[Site "Al Ain"]
[Date "2014.12.21"]
[Round "4"]
[White "Ahadzade, Kanan"]
[Black "Abdulla, Khayala Mardan Qizi"]
[Result "0-1"]
[WhiteElo "1909"]
[BlackElo "2299"]
[PlyCount "135"]
[EventDate "2014.12.19"]
[EventType "swiss"]
[EventRounds "9"]
[EventCountry "UAE"]
[SourceTitle "CBM 164 Extra"]
[Source "ChessBase"]
[SourceDate "2015.03.02"]
[SourceVersion "1"]
[SourceVersionDate "2015.03.02"]
[SourceQuality "1"]

1. e4 e6 2. b3 c5 3. Bb2 a6 4. g3 Nc6 5. Bg2 d6 6. Ne2 e5 7. d3 g6 8. 0-0 Bg7 9. f4 Nge7 10. Nbc3 exf4 11. Nxf4 0-0 12. Rb1 Ne5 13. Ncd5 Nxd5 14. Nxd5 Be6 15. Nf4 Qd7 16. d4 cxd4 17. Bxd4 b5 18. Qd2 a5 19. Rbd1 Rfc8 20. Kh1 b4 21. Ba1 Ra6 22. Ne2 Bg4 23. Rfe1 Nf3 24. Bxf3 Bxf3+ 25. Kg1 Bxa1 26. Rxa1 Bxe4 27. Nd4 Ba8 28. Re3 Qb7 29. Nf3 Rac6 30. Rae1 Rf8 31. R1e2 Qd7 32. Ne5 Qb7 33. Ng4 Rc4 34. Re4 Qb6+ 35. Kf1 Bxe4 36. bxc4 f5 37. Nf2 Qc5 38. Ke1 Qxc4 39. Qxd6 Qxa2 40. c3 Qc4 41. cxb4 axb4 42. Qe5 Rd8 43. Nxe4 fxe4 44. Rxe4 Qc1+ 45. Kf2 Rf8+ 46. Rf4 Qd2+ 47. Kf1 Rxf4+ 48. gxf4 Kf7 49. Qc7+ Ke6 50. Qe5+ Kd7 51. Qb5+ Kd6 52. Qb6+ Ke7 53. Qc5+ Qd6 54. Qe3+ Kf6 55. Kf2 Kf5 56. Qh3+ Ke4 57. Qe3+ Kd5 58. Qd3+ Kc5 59. Qc2+ Kb6 60. Qe4 b3 61. Qf3 Qd4+ 62. Kg3 b2 63. Qb3+ Kc5 64. Qa3+ Kd5 65. Qa8+ Kc4 66. Qa4+ Kc3 67. Qc6+ Qc4 68. Qf6+ 0-1